| 000 | 00544nam a2200205Ia 4500 | ||
|---|---|---|---|
| 003 | IIN | ||
| 005 | 20240105121839.0 | ||
| 008 | 231217s9999 xx 000 0 und d | ||
| 020 | _a9789386006844 | ||
| 040 |
_aIIN _bEnglish |
||
| 082 |
_a579.0282 _bSHE |
||
| 100 | 1 | _aShenoy, Suchitra | |
| 245 | 1 |
_aEssential Microbiology for Nurses / _cSuchitra Shenoy & Dominic Saldanna |
|
| 250 | _a3rd ed | ||
| 260 |
_bEMMESS _aBangalore _c2019 |
||
| 300 | _avi, 342p. | ||
| 650 | 1 |
_aMicrobiology _vNurses |
|
| 700 | 1 | _aSaldanna, Dominic | |
| 942 | _cBOOK | ||
| 999 |
_c1631 _d1631 |
||